The story of numbers: formerly titled number

Guardat en:
Dades bibliogràfiques
Autor principal: McLeish, John (autor)
Format: Llibre
Idioma:anglès
Publicat: Nueva York Ballantine Books 1994
Matèries:
Etiquetes: Afegir etiqueta
Sense etiquetes, Sigues el primer a etiquetar aquest registre!

MARC

LEADER 00000nam a2200000 a 4500
001 UCP6017
003 CL-VaPUC
008 991008e19940000US |||||||||||||||||eng|d
082 0 4 |a 510.9  |b MCL  |2 21 
100 |a McLeish, John  |e autor  |9 434784 
245 1 4 |a The story of numbers: formerly titled number 
300 |a 266 p 
942 |c BK 
945 |d 19991008 00:00:00  |a rbrito 
260 |a Nueva York  |b Ballantine Books  |c 1994 
650 0 |a Matemática  |9 260235 
650 0 |a Historia  |9 255047 
650 0 |a Números   |9 265328 
650 0 |a Árabes  |9 316264 
650 0 |a Renacimiento  |9 255107 
650 7 |a COMPUTACION  |2 CL-VaPUC  |9 350582 
651 0 |a Egipto   |9 268199 
651 0 |a China   |9 257545 
651 0 |a Grecia  |9 265314 
651 0 |a Israel  |9 314378 
583 |a last modification  |c 19991008 00:00:00  |k Rodrigo Vera 
999 |c 283651  |d 283649 
952 |0 0  |1 0  |4 0  |6 510_900000000000000_MCL_1994  |7 0  |8 A  |9 326975  |a BIBMAT  |b BIBMAT  |d 2019-11-20  |i 3563987  |o 510.9 MCL 1994  |p 3563987  |r 2025-01-07  |w 2019-11-20  |y BK  |k MAT